000 00452nam a2200181Ia 4500
005 20250325050314.0
008 240331s9999 xx 000 0 und d
082 _bRAM
_a894
100 _aRamanathan, R
245 0 _aThamilar adaiyalankal
260 _aChennai
_bThanaane
_c2004
300 _a213 p.,
650 _amarabu vali unavu
650 _akalai ilakkiyam
650 _avalippadu
650 _amarabuvali ariviyal tholi nootpam
942 _cL
999 _c4160
_d4160